BTS Albums - Statistics

General Stats
  • This quiz has been taken 184 times
  • The average score is 17 of 25
Answer Stats
Hint Answer % Correct
Tony Montana Agust D
95%
Daechwita D-2
93%
ON Map Of The Soul: 7
91%
No More Dream 2 Cool 4 Skool
90%
Life Goes On BE
88%
Blood, Sweat & Tears Wings
88%
Boy With Luv Map Of The Soul: Persona
87%
DNA Love Yourself: Her
85%
Anpanman Love Yourself: Tear
84%
Danger Dark And Wild
81%
IDOL Love Yourself: Answer
81%
Boy In Luv Skool Luv Affair
80%
Spring Day You Never Walk Alone
76%
N.O O!RUL8,2?
71%
Daydream Hope World
69%
I NEED U The Most Beautiful Moment In Life Pt. 1
59%
Run The Most Beautiful Moment IN Life Pt. 2
59%
FIRE Young Forever
53%
Don't Leave Me Face Yourself
50%
uhgood mono
46%
Heartbeat BTS World
44%
Good Day Youth
41%
Do You RM
40%
The Stars Wake Up
37%
Lights Map Of The Soul: The Journey
34%
No matching quizzes found
Score Distribution
Percent of People with Each Score
Percentile by Number Answered
Your Score History
You have not taken this quiz